| 000 | 00573nam a2200193Ia 4500 | ||
|---|---|---|---|
| 008 | 160418s9999 xx 000 0 und d | ||
| 020 | _a971-30-0390-X | ||
| 050 | _aFIL PL 5546 | ||
| 050 | _b.P55 1997 c.1 | ||
| 245 | _aMga Piling epiko / | ||
| 245 | _csinaliksik at tinipon nina Zenaida Padilla Villanueva, Rachel L. San Miguel. | ||
| 260 | _aManila : | ||
| 260 | _bMerriam and Webster Bookstore, Inc., | ||
| 260 | _c1997 | ||
| 300 | _a106 pages : | ||
| 300 | _billustrations ; | ||
| 300 | _c22 cm. | ||
| 650 | _aEpic literature, Philippines -- Collected works. | ||
| 999 |
_c293542 _d293542 |
||